000 00628nam a2200241Ia 4500
003 OSt
005 20221007104652.0
006 a|||||r|||| 00| 0
007 ta
008 221006b |||||||| |||| 00| 0 eng d
024 _a16,501
037 _cTextual
040 _aLCO
_cLCO
_beng
041 _2eng
_aeng
082 _aZ3,5t, K5
100 _aH M S O
_9702719
245 0 _aRoyal Commission on Capital Punishment 1949-53 Report
260 _aLondon
_bH M S O UK
_c1965
300 _a505
650 _aCAPITAL PUNISHMENT
_9706231
942 _hZ3,5t, K5
_cTEXL
999 _c1186064
_d1186064